Estudio Prc̀tico del Tratamiento Fiscal de las Asociaciones Religiosas 2016

Bibliographic Details
Main Author: Hernǹdez Rodrg̕uez, Cecilia F.
Format: Book
Language:Spanish
Published: Mx̌ico Ediciones Fiscales ISEF 2016
Subjects:
Online Access:Acceso restringido

MARC

LEADER 00000nam a22000007a 4500
005 20160613101056.0
007 cr|||| ||u|
008 160613s2016 mx ||||| |||| 00||0 spa d
020 |a 978-607-406-810-8 
035 |a 14279 
040 |a vLex 
090 |c 6168  |d 6168 
100 1 |a Hernǹdez Rodrg̕uez, Cecilia F. 
245 1 0 |a Estudio Prc̀tico del Tratamiento Fiscal de las Asociaciones Religiosas 2016  |h [Recurso electrn̤ico] /  |c Cecilia F. Hernǹdez Rodrg̕uez  
256 |a Servicio en ln̕ea  
260 |a Mx̌ico  |b Ediciones Fiscales ISEF  |c 2016 
300 |a 1 recurso electrn̤ico  
500 |a En este libro encontrar ̀las respuestas a los cuestionamientos que generalmente se plantean los interesados en conocer cm̤o se constituye una Asociacin̤ Religiosa, as ̕como su funcionamiento desde el aspecto legal y fiscal. Esta obra est ̀dirigida para quienes se inician y tambiň para aquellos que conocen y pretenden ser expertos en el tema de tal forma que lleva de la mano al lector con casos prc̀ticos y de forma didc̀tica para una mejor. 
506 1 |a Contenido solo disponible en los productos indicados  |d vLex Global  |d vLex Global (Academic Edition, excluding Law Schools)  |d vLex Global (U.S. Academic Edition, Law Schools)  |d vLex Global (U.S. Academic Edition, excluding Law Schools)  |d vLex Global (Academic Edition, Law Schools) 
650 0 4 |a Religin̤ y Derecho  |z Mx̌ico 
740 0 |a vLex libros (servicio en ln̕ea)  
856 4 0 |u http://vlex.com/source/estudio-practico-del-tratamiento-fiscal-de-las-asociaciones-religiosas-2016-14279  |z Acceso restringido 
942 |c EURO 
999 0 |a Religion and law  |b Mexico